Statistics for Creighton Basketball: Leading Scorer Every Year

Click here to take the quiz!

General Stats

  • This quiz has been taken 20 times
    (9 since last reset)
  • The average score is 14 of 71

Answer Stats

YearPlayerAverage% Correct
2018-2019Ty-Shon Alexander15.7
89%
2019-2020Ty-Shon Alexander16.9
89%
2010-2011Doug McDermott14.9
78%
2011-2012Doug McDermott22.9
78%
2012-2013Doug McDermott23.2
78%
2013-2014Doug McDermott26.7
78%
2001-2002Kyle Korver15.1
78%
2000-2001Kyle Korver14.6
78%
2002-2003Kyle Korver17.8
78%
2021-2022Ryan Hawkins13.8
78%
2017-2018Marcus Foster19.8
67%
2016-2017Marcus Foster18.2
67%
2020-2021Marcus Zegarowski15.8
56%
2014-2015Austin Chatman11.5
33%
1978-1979John Johnson17.9
33%
2015-2016Maurice Watson, Jr.14.1
33%
2003-2004Nate Funk11.1
33%
2004-2005Nate Funk17.8
33%
2005-2006Nate Funk17.0
33%
2006-2007Nate Funk17.7
33%
1964-1965Neil Johnson17.3
33%
1962-1963Paul Silas21.2
33%
1961-1962Paul Silas22.0
33%
1963-1964Paul Silas18.5
33%
1955-1956Bob Gibson22.0
22%
2008-2009Booker Woodfox15.8
22%
2009-2010Kenny Lawson13.1
11%
2007-2008P'Allen Stinnett12.6
11%
1982-1983Benoit Benjamin14.8
0%
1984-1985Benoit Benjamin21.5
0%
1983-1984Benoit Benjamin16.2
0%
1999-2000Ben Walker12.0
0%
1951-1952Bill Heyden12.9
0%
1989-1990Bob Harstad22.2
0%
1988-1989Bob Harstad16.7
0%
1966-1967Bob Portman18.3
0%
1967-1968Bob Portman29.5
0%
1968-1969Bob Portman26.2
0%
1990-1991Chad Gallagher19.4
0%
1960-1961Chuck Officer16.1
0%
1969-1970Cyril Baptiste18.9
0%
1970-1971Cyril Baptiste20.3
0%
1981-1982Daryl Stovall15.6
0%
1959-1960Dick Harvey20.2
0%
1974-1975Doug Brookins16.4
0%
1991-1992Duan Cole19.2
0%
1953-1954Ed Cole19.6
0%
1954-1955Ed Cole23.6
0%
1952-1953Elton Tuttle18.8
0%
1949-1950Francis Miller15.0
0%
1950-1951Francis Miller15.1
0%
1986-1987Gary Swain17.3
0%
1971-1972Gene Harmon15.8
0%
1972-1973Gene Harmon15.9
0%
1973-1974Gene Harmon18.2
0%
1948-1949Jim Karakistros7.7
0%
1985-1986Kenny Evans15.7
0%
1979-1980Kevin McKenna16.5
0%
1980-1981Kevin McKenna15.8
0%
1992-1993Mark Petty17.2
0%
1993-1994Nate King15.7
0%
1977-1978Rick Apke18.3
0%
1976-1977Rick Apke19.8
0%
1975-1976Rick Apke16.9
0%
1987-1988Rod Mason20.3
0%
1997-1998Rodney Buford18.9
0%
1995-1996Rodney Buford14.5
0%
1996-1997Rodney Buford19.6
0%
1998-1999Rodney Buford18.6
0%
1994-1995Tad Ackerman13.0
0%
1965-1966Tim Powers21.5
0%

Score Distribution

Percentile by Number Answered

Percent of People with Each Score

Your Score History

You have not taken this quiz since the last reset